|
|
|
|
| LEADER |
01353nam a2200325 a 4500 |
| 001 |
28724 |
| 003 |
BD-DhAAL |
| 005 |
20230525140507.0 |
| 008 |
141231s2008 enk 000 f eng |
| 010 |
|
|
|a 2008428564
|
| 020 |
|
|
|a 9780199535651 (pbk.)
|
| 020 |
|
|
|a 0199535655 (pbk.)
|
| 040 |
|
|
|a UKM
|c UKM
|d BTCTA
|d BAKER
|d YDXCP
|d DLC
|d BD-DhAAL
|
| 041 |
1 |
|
|a eng
|
| 050 |
0 |
0 |
|a PQ2246.M2
|b E5 2008
|
| 082 |
0 |
4 |
|a 843.8
|2 22
|
| 100 |
1 |
|
|a Flaubert, Gustave,
|d 1821-1880.
|9 7044
|
| 240 |
1 |
0 |
|a Madame Bovary.
|l English
|
| 245 |
1 |
0 |
|a Madame Bovary :
|b provincial manners /
|c Gustave Flaubert ; translated by Margaret Mauldon ; with an introduction by Malcolm Bowie ; and notes by Mark Overstall..
|
| 260 |
|
|
|a Oxford ;
|a New York :
|b Oxford University Press,
|c c2008.
|
| 300 |
|
|
|a xxxviii, 329 p. ;
|c 20 cm.
|
| 490 |
0 |
|
|a Oxford world's classics
|
| 541 |
|
|
|e 28724
|
| 650 |
|
0 |
|a Married women
|z France
|v Fiction.
|9 7045
|
| 651 |
|
0 |
|a France
|x Social life and customs
|v Fiction.
|9 7046
|
| 700 |
1 |
|
|a Mauldon, Margaret.
|9 7047
|
| 852 |
|
|
|a BRAC Institute of Language
|c General Stacks
|
| 942 |
|
|
|2 ddc
|c BK
|
| 999 |
|
|
|c 33366
|d 33366
|
| 952 |
|
|
|0 0
|1 0
|2 ddc
|4 0
|6 843_800000000000000_FLA
|7 0
|9 44580
|a BRACUL
|b BRACUL
|c GEN
|d 2014-12-31
|e BRAC Institute of Language (BIL)
|l 3
|m 42
|o 843.8 FLA
|p 3010028724
|r 2025-09-15
|s 2025-04-13
|t 1
|w 2014-12-31
|y BK
|x Transferred from BIL to BRACUL on 06/06/22
|